000 00301nam a22001457a 4500
008 230206b ||||| |||| 00| 0 eng d
020 _a9780471756842
041 _aeng
080 _a51
082 _a51YOU
100 _a20
101 _aMATE
245 _aPRECALCULUS
_cYOUNG C
942 _2udc
_cBK
999 _c59305
_d59305